Statistics for Famous movies release dates - Click Quiz

Click here to take the quiz!

General Stats

  • This quiz has been taken 74 times
  • The average score is 5 of 16

Answer Stats

HintAnswer% Correct
The Godfather1972
74%
Taxi Driver1976
71%
2001: A Space Odyssey1968
55%
Apocalypse Now1979
55%
Citizen Kane1941
45%
Singin' in the Rain1952
36%
Battleship Potemkin1925
26%
Seven Samurai1954
26%
1963
24%
Bicycle Thieves1948
21%
Vertigo1958
19%
The Searchers1956
17%
Sunrise1927
14%
Breathless1960
14%
Tokyo Story1953
12%
The Rules of the Game1939
5%

Score Distribution

Percentile by Number Answered

Percent of People with Each Score

Your Score History

You have not taken this quiz